000 00328nam a22001457a 4500
008 221019b ||||| |||| 00| 0 eng d
020 _a9780826197900
041 _aeng
080 _a610.73
082 _a610.73
100 _a8
101 _aINF
245 _aPLANNING IMPLEMENTING AND EVALUATING
_cDYKES P
942 _2udc
_cBK
999 _c58605
_d58605